| 000 | 00998nam a22002897a 4500 | ||
|---|---|---|---|
| 005 | 20130709165741.0 | ||
| 010 | _aENG-104266 | ||
| 020 |
_a9781259002380 _c525.00 |
||
| 020 |
_a1259002381 _c525.00 |
||
| 035 | _aEN-87799 | ||
| 035 | _aB-491873-878 | ||
| 037 | _bDBAD/PUB | ||
| 037 |
_bJanvani Prakashan/Ven _adpl |
||
| 082 | _a532.02466 | ||
| 100 |
_aDe Nevers, Noel _d1932- |
||
| 245 |
_aFluid mechanics for chemical engineers / _cby Noel de Nevers |
||
| 250 | _a3rd ed | ||
| 260 |
_aNew Delhi _bTata McGraw Hill _c2011 |
||
| 270 |
_a7 West Patel Nagar _bNew Delhi _e110008 |
||
| 300 |
_axxiii,632p. : _c24cm (pbk) _bill. |
||
| 490 | _aMc Graw- Hill chemical engineering series | ||
| 500 | _aIncludes bibliographical references and index. | ||
| 650 | _aFluid mechanics. | ||
| 650 | _aChemical engineering. | ||
| 942 |
_2ddc _cEN _mDEN _h532.02466 |
||
| 999 |
_c58869 _d58869 |
||